000 00254nam a22001097a 4500
008 170113b xxu||||| |||| 00| 0 eng d
020 _a0721635075
041 _aeng
080 _a618.2
245 _aMEDICAL-SURGICAL NURSING
_cIGNATAVICIUS
942 _2udc
_cBK
999 _c2878
_d2878